Top 10 Città più popolose Provincia di Livorno - Statistics

Statistiche generali
  • Questo quiz è stato fatto 14 volte
  • Il punteggio medio è 7 su 10
Statistiche sulle risposte
Popolazione (ab.) Città % Corretto
160 520 Livorno
100%
34 433 Piombino
93%
12 016 Portoferraio
79%
28 159 Cecina
71%
16 778 Collesalvetti
71%
31 731 Rosignano Marittimo
64%
6 985 San Vincenzo
64%
8 928 Castagneto Carducci
50%
13 310 Campiglia Marittima
43%
4 814 Campo nell'Elba
14%
Nessun quiz corrispondente trovato
Distribuzione punteggi
Percentuale di utenti per punteggio
Percentile per numero di risposta
I tuoi punteggi nel tempo
Non hai fatto questo quiz